000 00302nam a22001457a 4500
008 210310b ||||| |||| 00| 0 eng d
020 _a0024320803
041 _aeng
080 _22nd
_a541
082 _a541
100 _a12
101 _aKIM
245 _aBiochemistry
_cZubay, G
942 _2udc
_cBK
999 _c56268
_d56268